| 000 | 00415cam a2200169ua 4500 | ||
|---|---|---|---|
| 041 |
_aeng _h |
||
| 082 |
_a658.4034 _bGUP/PR |
||
| 100 | _aGupta, P K . | ||
| 245 |
_aProblems in operations research / _cP K Gupta. _hTextual Documents |
||
| 250 |
_a6 / _b. |
||
| 260 |
_aNew Delhi : _bS.Chand & Sons , _c1994. |
||
| 300 | _a904 ; . | ||
| 504 | _a | ||
| 700 | 1 | _aManmohan, . | |
| 942 | _cBK | ||
| 999 |
_c6728 _d6728 |
||